Vista normal
Vista MARC
Entrada Nombre corporativo
Número de registros utilizados en: 13
001 - NÚMERO DE CONTROL
- Campo de control: 1254
003 - IDENTIFICADOR DE NÚMERO DE CONTROL
- Campo de control: ES-MaCES
005 - FECHA Y HORA DE LA ULTIMA MODIFICACION
- Campo de control: 20120516135400.0
008 - ELEMENTOS DE DATOS DE LONGITUD FIJA
- Campo de longitud fija: 120516 | azznnaabn || ana d
035 ## - NÚMERO DE CONTROL DEL SISTEMA
- Número de control del sistema: CES20120000583e
040 ## - FUENTE DE LA CATALOGACIÓN
- Agencia original de catalogación: ES-MaCES
- Idioma de catalogación: spa
- Agencia de transcripción: ES-MaCES
110 2# - ENCABEZAMIENTO--NOMBRE CORPORATIVO
- Nombre corporativo o de jurisdicción como elemento de entrada: Agencia Estatal Boletín Oficial del Estado (España)
510 2# - TRAZADO VEÁSE ADEMÁS--NOMBRE CORPORATIVO
- Nombre corporativo o jurisdicción como elemento de entrada: Boletín Oficial del Estado (España)
670 ## - FUENTE DE DATOS ENCONTRADOS
- Fuente de citación: CD del CES
- Información encontrada: : anteriormente, Boletín Oficial del Estado (España)
901 ## - CES. DATOS SIRTEX
- ID Sirtex (N5N8): 0001800007606
- 005BIS Sirtex: 201205161354ALORITE

